| 000 | 00929pam a2200265 a 4500 | ||
|---|---|---|---|
| 001 | 4401 | ||
| 005 | 20250805143318.0 | ||
| 020 | _a043909836X | ||
| 040 |
_aDLC _cDLC _dDLC _beng |
||
| 050 | 0 | 0 |
_aPZ7.P75186 _b1998 |
| 082 | 0 | 0 | _a813 |
| 100 | 1 | _aPolacco, Patricia | |
| 245 | 1 | 0 |
_aThank you, Mr. Falker / _cPatricia Polacco |
| 250 | _aFirst scholastic printing , September 1999 | ||
| 260 |
_aNew York : _bScholastic ; _c1998 . |
||
| 300 |
_a40 unnubered pages : _bcolor illustrations ; _c29 cm. |
||
| 505 | _aO | ||
| 520 | _aAt first, Trisha loves school, but her difficulty learning to read makes her feel dumb, until, in the fifth grade, a new teacher helps her understand and overcome her problem. | ||
| 521 |
_a650
_bLexile AD |
||
| 650 | 1 |
_aReading _xFiction. |
|
| 650 | 1 |
_aTeachers _xFiction. |
|
| 650 | 1 |
_aSelf-perception _xFiction. |
|
| 906 |
_a7 _bcbc _corignew _d1 _eocip _f19 _gy-gencatlg |
||
| 942 |
_2ddc _cBK _n0 |
||
| 999 |
_c4401 _d4401 |
||